Văn hóa giao tiếp trong quản lý hành chính công
Sách gồm 9 chương trình bày về văn hóa nhà nước nhân dân, văn hóa công sở, văn hóa giao tiếp nơi công sở, ...văn hóa không lời trong quản lý hành chính công.
Wedi'i Gadw mewn:
| Prif Awdur: | |
|---|---|
| Fformat: | Llyfr |
| Iaith: | Undetermined |
| Cyhoeddwyd: |
Hà Nội
Lao động
2009
|
| Pynciau: | |
| Tagiau: |
Ychwanegu Tag
Dim Tagiau, Byddwch y cyntaf i dagio'r cofnod hwn!
|
| Thư viện lưu trữ: | Trung tâm Học liệu Trường Đại học Cần Thơ |
|---|
| LEADER | 00877nam a2200205Ia 4500 | ||
|---|---|---|---|
| 001 | CTU_147628 | ||
| 008 | 210402s9999 xx 000 0 und d | ||
| 020 | |c 25000 | ||
| 082 | |a 158.2 | ||
| 082 | |b H305 | ||
| 100 | |a Vũ, Gia Hiền | ||
| 245 | 0 | |a Văn hóa giao tiếp trong quản lý hành chính công | |
| 245 | 0 | |c Vũ Gia Hiền | |
| 260 | |a Hà Nội | ||
| 260 | |b Lao động | ||
| 260 | |c 2009 | ||
| 520 | |a Sách gồm 9 chương trình bày về văn hóa nhà nước nhân dân, văn hóa công sở, văn hóa giao tiếp nơi công sở, ...văn hóa không lời trong quản lý hành chính công. | ||
| 650 | |a Interpersonal relations,Social interaction,Quan hệ cá nhân,Tương tác xã hội | ||
| 904 | |i Trọng Hải | ||
| 980 | |a Trung tâm Học liệu Trường Đại học Cần Thơ | ||